Vista normal
Vista MARC
Entrada Personal Name
Número de registros utilizados en: 1
001 - CONTROL NUMBER
- control field: 113
003 - CONTROL NUMBER IDENTIFIER
- control field: OSt
005 - DATE AND TIME OF LATEST TRANSACTION
- control field: 20110706115759.0
008 - FIXED-LENGTH DATA ELEMENTS
- fixed length control field: 110706|||a|||||| | ||| d
040 ## - CATALOGING SOURCE
- Original cataloging agency: OSt
- Transcribing agency: OSt
100 ## - HEADING--PERSONAL NAME
- Personal name: Fitzpatrick, David,
- Titles and other words associated with a name: Dir.
670 ## - SOURCE DATA FOUND
- Source citation: Work cat.: (OSt)329: Purves, Dale Dir. 111, Neurociencia / , 2007.